Normal view MARC view

Entry Personal Name

Number of records used in: 1

001 - CONTROL NUMBER

  • control field: 818

003 - CONTROL NUMBER IDENTIFIER

  • control field: DLC

005 - DATE AND TIME OF LATEST TRANSACTION

  • control field: 20191227095734.0

008 - FIXED-LENGTH DATA ELEMENTS

  • fixed length control field: 780718n| acannaabn |n aaa

010 ## - LIBRARY OF CONGRESS CONTROL NUMBER

  • LC control number: n 78045722

035 ## - SYSTEM CONTROL NUMBER

  • System control number: (OCoLC)oca00181619

040 ## - CATALOGING SOURCE

  • Original cataloging agency: DLC
  • Transcribing agency: DLC
  • Modifying agency: DLC
  • Modifying agency: TNJ

100 1# - HEADING--PERSONAL NAME

  • Personal name: Getz, Malcolm

670 ## - SOURCE DATA FOUND

  • Source citation: His The economics of the urban ... c1978:
  • Information found: t.p. (Malcolm Getz)

670 ## - SOURCE DATA FOUND

  • Source citation: Veterinary medicine in economic transition, 1997:
  • Information found: CIP t.p. (Malcolm Getz) t.p. verso (Associate professor of economics at Vanderbilt Univ., Nashville, Tenn.)

670 ## - SOURCE DATA FOUND

  • Source citation: Vanderbilt Univ. Dept of Economics, Faculty, Malcolm Getz Personal webpage, viewed Feb. 11, 2005
  • Information found: (Malcolm Getz; b. in Somerville, N.J., 1945; BA in economics at Williams College, 1967; PhD in economics at Yale, 1973; faculty member at Vanderbilt since 1973)

Powered by Koha